Count in Roman Numerals - 30 Second Sprint - Statistics

General Stats
  • This quiz has been taken 103,560 times
    102,506 since last reset
  • The average score is 20 of 50
Answer Stats
# % Correct
I
100%
II
100%
III
100%
IV
99%
V
99%
VI
98%
VII
98%
VIII
97%
X
92%
IX
91%
XI
91%
XII
90%
XIII
89%
XIV
79%
XV
78%
XVI
76%
XVII
73%
XVIII
70%
XIX
56%
XX
53%
XXI
48%
XXII
44%
XXIII
40%
XXIV
32%
XXV
27%
XXVI
23%
XXVII
18%
XXVIII
12%
XXIX
8%
XXX
7%
XXXI
5%
XXXII
3%
XXXIII
2%
XXXIV
2%
XXXV
1%
XXXVI
1%
XXXVII
1%
L
0%
XL
0%
XLI
0%
XLII
0%
XLIII
0%
XLIV
0%
XLIX
0%
XLV
0%
XLVI
0%
XLVII
0%
XLVIII
0%
XXXIX
0%
XXXVIII
0%
No matching quizzes found
Score Distribution
Percent of People with Each Score
Percentile by Number Answered
Your Score History
You have not taken this quiz since the last reset